Vplyv zmien v daňovom a odvodovom zaťažení na podnikanie MSP diplomová práca

Salvato in:
Dettagli Bibliografici
Autore principale: Guzejová, Lenka
Ente Autore: Fakulta podnikového manažmentu EU. Katedra podnikovohospodárska
Altri autori: Bukovová, Sylvia, 1959-
Natura: Libro
Lingua:slovacco
Pubblicazione: Bratislava 2014
Tags: Aggiungi Tag
Nessun Tag, puoi essere il primo ad aggiungerne!!

MARC

LEADER 00000nbm a2200000 4500
001 0188025
005 20170201092557.0
041 0 |a slo 
044 |a SK 
245 1 0 |a Vplyv zmien v daňovom a odvodovom zaťažení na podnikanie MSP  |b diplomová práca  |c Lenka Guzejová ; školiteľ: Sylvia Bukovová 
264 1 |a Bratislava  |c 2014 
300 |a 72 s. 
100 1 |a Guzejová, Lenka 
700 1 |a Bukovová, Sylvia, 1959- 
710 2 |a Fakulta podnikového manažmentu EU. Katedra podnikovohospodárska